00259nam a22000977a 4500008004100000082001100041100003000052245003300082260003800115300000800153260429b |||||||| |||| 00| 0 eng d a001363 aPanday, Janardhan Shastri aShishupalavadha Mahakavyam I aDelhibMotilal Banarasidassc2017 a86p